000 00397nam a2200181Ia 4500
001 2931
005 20260306144843.0
008 260306t2002||||xx |||||||||||||| ||spa||
041 _aESP
082 _a234
_bG84
100 _aGuardini, Romano
_eAUT
245 4 _aThe Lord
260 _c2002
300 _a629 páginas :
_c21 cm.
650 _aGEN
654 _aCHU
942 _cLIB
_dJUS
_fJUS
_2ddc
_n
999 _c2931
_d2931